| 000 | 00630nam a2200241Ia 4500 | ||
|---|---|---|---|
| 003 | OSt | ||
| 005 | 20220924130813.0 | ||
| 006 | a|||||r|||| 00| 0 | ||
| 007 | ta | ||
| 008 | 220923b |||||||| |||| 00| 0 urd d | ||
| 020 | _c30 | ||
| 024 | _a313243 | ||
| 037 | _cTextual | ||
| 040 |
_aARTS _cARTS _burd |
||
| 041 |
_2urd _aurd |
||
| 082 | _aO168,1:gx, M3 | ||
| 100 |
_aChishti Anuwan _9196872 |
||
| 245 | 0 | _aMaghviyat ki talash | |
| 260 |
_aU.P. _bRang Mahal Publications India _c1983 |
||
| 650 | _aURDU POETRY | ||
| 942 |
_hO168,1:gx, M3 _cTEXL _2CC |
||
| 999 |
_c425383 _d425383 |
||